| 000 | 00399pab a2200169 454500 | ||
|---|---|---|---|
| 008 | 180718b1981 xxu||||| |||| 00| 0 eng d | ||
| 100 | _aBanerjee, Nirmala | ||
| 245 | _aFormulation of a grants policy for local bodies | ||
| 260 | _c1981 | ||
| 300 | _ap.12-27. | ||
| 362 | _aApr-Jun | ||
| 650 | _aGrants | ||
| 650 | _aLocal government | ||
| 773 | _aNagarlok | ||
| 908 | _aN | ||
| 909 | _a101928 | ||
| 999 |
_c101926 _d101926 |
||